[Event "Challenge"]
[Site "http://www.queenalice.com/game.php?id=548425"]
[Date "2009.3.1"]
[Round "-"]
[White "TotalFlex"]
[Black "Kike"]
[Result "0-1"]
[WhiteElo "1242"]
[BlackElo "1218"]

1. e4 e5 2. Bc4 Qe7 3. Qf3 d6 4. h4 Bd7 5. h5 Nc6 6. c3 O-O-O 7. b4 Nf6 8. a4 g6
9. h6 Rg8 10. a5 Rh8 11. b5 Nb8 12. b6 axb6 13. axb6 cxb6 14. Ra8 Bc6 15. d4
Bxe4 16. Qh3+ Nd7 17. Na3 d5 18. Nb5 dxc4 19. Na7+ Kc7 20. Nb5+ Kc6 21. Na7+ Kd6
22. Ba3+ Nc5 23. Nb5+ Kc6 24. Na7+ Kd5 25. Nb5 Nd3+ 26. Ke2 f5 27. Bxe7 Bxe7 28.
f3 Nc1+ 29. Kd1 Nd7 30. Ra7 Bg5 31. fxe4+ Kxe4 32. g4 f4 33. Nd6+ Kd5 34. Nxb7
Rc8 35. Qg2+ e4 36. Kxc1 f3+ 37. Kc2 fxg2 38. Rh2 Be3 39. Rxg2 Rhf8 40. Ra4 Rf1
41. Ne2 Rc7 42. Nd8 b5 43. Rb4 Rf8 44. Rxb5+ Kd6 45. g5 Rxd8 46. Ng3 Kc6 47. Rb4
Ra7 48. Rxc4+ Kb5 49. Rb4+ Kc6 50. Re2 Bxg5 51. Rxe4 Rda8 52. Re6+ Kd5 53. Re2
Bxh6 54. Rb5+ Kc6 55. c4 Ra2+ 56. Rb2 R2a4 57. d5+ Kc5 58. Ne4+ Kxc4 59. Nc3
R4a6 60. Re4+ Kc5 61. Na4+ Kxd5 62. Nc3+ Kc5 63. Na4+ Rxa4 64. Re7 Rc4+ 65. Kd3
Rd4+ 66. Kc3 Ra3+ 67. Rb3 Bd2+ 68. Kb2 Rxb3+ 69. Kxb3 Rb4+ 70. Kc2 Bg5 71. Rxd7
h5 72. Rc7+ Kd6 73. Rc8 h4 74. Rg8 h3 75. Rxg6+ Ke5 76. Rxg5+ Kf4 77. Rh5 Kg3
78. Kc3 Rh4 79. Rg5+ Kf4 80. Rg1 h2 81. Rh1 Rh3+ 82. Kd2 Kg3 83. Ke2 Kg2 84.
Rxh2+ Rxh2 85. Kd3 Kf3 86. Kc4 Rd2 87. Kc5 Ke4 88. Kc4 Rc2+ 89. Kb5 Kd5 90. Kb4
Rc4+ 91. Kb3 Kd4 92. Kb2 Kd3 93. Kb3 Rc3+ 94. Kb4 Kd4 95. Kb5 Kd5 96. Kb6 Rc5
97. Kb7 Kd6 98. Kb6 Rc3 99. Kb5 Kd5 100. Kb4 Rc5 101. Kb3 Rb5+ 102. Kc3 Kc5 103.
Kd3 Rb4 104. Ke3 Kd5 105. Kf3 Ke5 106. Ke3 Rb3+ 107. Kf2 Kf4 108. Ke2 Ke4 109.
Kd2 Rd3+ 110. Ke2 Rc3 111. Kd2 Rd3+ 112. Kc2 Kd4 113. Kb2 Rc3 114. Ka2 Kd3 115.
Kb2 Rc2+ 116. Kb3 Rc1 117. Kb4 Kd4 118. Kb5 Kd5 119. Kb4 Rc8 120. Kb5 Rb8+ 121.
Ka4 Kc4 122. Ka5 Kc5 123. Ka4 Rb2 124. Ka5 Ra2# 0-1

[Event "Challenge"]
[Site "http://www.queenalice.com/game.php?id=548427"]
[Date "2009.3.1"]
[Round "-"]
[White "TotalFlex"]
[Black "forki"]
[Result "1-0"]
[WhiteElo "1438"]
[BlackElo "986"]

1. e4 e6 2. Bc4 Bc5 3. Qf3 Nc6 4. Nc3 Nd4 5. Qd3 Qf6 6. f4 Qxf4 7. Nh3 Qg4 8.
Nb5 Qh4+ 9. Nf2 Qd8 10. e5 a6 11. Nc3 d5 12. Bxa6 bxa6 13. Na4 Ba7 14. O-O Bd7
15. Nc3 Nf5 16. Qh3 Qh4 17. a4 g5 18. g3 g4 19. Qg2 Rb8 20. gxh4 1-0

[Event "Challenge"]
[Site "http://www.queenalice.com/game.php?id=548474"]
[Date "2009.3.1"]
[Round "-"]
[White "TotalFlex"]
[Black "Liesel"]
[Result "0-1"]
[WhiteElo "1192"]
[BlackElo "1422"]

1. e4 e5 2. Qf3 Nf6 3. Nh3 Nc6 4. d3 Nd4 5. Qd1 d5 6. c3 Ng4 7. f3 f6 8. fxg4
dxe4 9. cxd4 b6 10. dxe4 Ba6 11. Bxa6 Rb8 12. Qa4+ Qd7 13. Bb5 Ke7 14. Bxd7 Kf7
15. Qb3+ Kg6 16. Qf3 Rd8 17. Qf5+ Kf7 18. Be6+ Ke7 19. O-O Rxd4 20. a4 g6 21.
Qf2 Bg7 22. Bb3 h6 23. Re1 Rd3 24. Bc4 Rdd8 0-1

[Event "p4r"]
[Site "http://www.queenalice.com/game.php?id=548580"]
[Date "2009.3.1"]
[Round "-"]
[White "Mannu"]
[Black "TotalFlex"]
[Result "1-0"]
[WhiteElo "1643"]
[BlackElo "1263"]

1. e4 e5 2. Nf3 h5 3. d3 Bb4+ 4. c3 Ba5 5. Be3 Nf6 6. Nxe5 O-O 7. Nd2 d6 8. Nec4
Ng4 9. Nxa5 b6 10. Nab3 Re8 11. Nd4 c5 12. Nf5 g6 13. Nh6+ Nxh6 14. Bxh6 Kh7 15.
Bf4 g5 16. Qxh5+ Kg7 17. Bxg5 f6 18. Qh6+ Kf7 19. Qh7+ Ke6 20. Qf5+ Kf7 21. Qd5+
Re6 22. Qxa8 Ba6 23. Bf4 f5 24. O-O-O b5 25. exf5 Re8 26. Qd5+ Kf6 27. Ne4+ Kg7
28. f6+ Kg6 29. Qg5+ Kf7 30. d4 Rxe4 31. Bd3 Qxf6 32. Qd5+ Re6 33. Bxd6 c4 34.
Qh5+ Kg7 35. Qh7# 1-0

[Event "Challenge"]
[Site "http://www.queenalice.com/game.php?id=549029"]
[Date "2009.3.2"]
[Round "-"]
[White "DrIgO"]
[Black "TotalFlex"]
[Result "1-0"]
[WhiteElo "1531"]
[BlackElo "1591"]

1. d4 e6 2. d5 Qf6 3. Nh3 Bc5 4. Bg5 Qf5 5. e3 h6 6. Bd3 Qxd5 7. Qh5 Qxg2 8. Bg6
Ne7 9. Bxf7+ Kf8 10. Bxe7+ Kxe7 11. Qg6 Qxh1+ 12. Ke2 b6 13. Nd2 Qxa1 14. Qxg7
Ba6+ 15. c4 Nc6 16. Nf4 Kd6 17. Ne4+ Ke7 18. Ng6+ Kd8 19. Qxh8+ Bf8 20. Qxf8#
1-0

[Event "Challenge"]
[Site "http://www.queenalice.com/game.php?id=549478"]
[Date "2009.3.3"]
[Round "-"]
[White "samueneotaviano"]
[Black "TotalFlex"]
[Result "1-0"]
[WhiteElo "1400"]
[BlackElo "1171"]

1. d4 e6 2. e4 Qf6 3. e5 Qg6 4. f4 d5 5. c3 f5 6. g3 b6 7. b4 a5 8. a3 a4 9.
Bb5+ c6 10. Be2 b5 11. Bh5 Kf7 12. Bxg6+ hxg6 13. h4 Nh6 14. Nf3 Ke7 15. Ng5 Ng4
16. Qf3 Na6 17. Nd2 Rh5 18. Ke2 Nc7 19. Nb1 Nh6 20. Nh3 Ng4 21. Nf2 Kd7 22. Nxg4
fxg4 23. Qxg4 Ba6 24. Qxg6 Rh8 25. g4 Be7 26. Qxg7 Rag8 27. Qf7 Kc8 28. Qxe7
Rxg4 29. Be3 Rg2+ 30. Kd3 Re8 31. Qf6 Reg8 32. Rg1 Rb2 33. Rxg8+ Kb7 34. Nd2 Kb6
35. Rb8+ Ka7 36. Qd8 Rxd2+ 37. Bxd2 c5 38. Qxc7+ Bb7 39. Qxb7# 1-0

[Event "Challenge"]
[Site "http://www.queenalice.com/game.php?id=550210"]
[Date "2009.3.4"]
[Round "-"]
[White "TotalFlex"]
[Black "El_Pagano1313"]
[Result "0-1"]
[WhiteElo "1438"]
[BlackElo "1381"]

1. e4 e5 2. Qf3 Nf6 3. Bd3 d5 4. exd5 Nxd5 5. Bb5+ c6 6. Ba4 b5 7. Bb3 Be6 8. d3
Be7 9. Nh3 O-O 10. O-O Na6 11. c4 bxc4 12. Bxc4 Nac7 13. Re1 Bf6 14. a4 a5 15.
Na3 Na6 16. Bd2 Nab4 17. Rec1 Ra6 18. Kf1 Qe7 19. g4 Rb6 20. g5 Bxh3+ 21. Qxh3
Bxg5 22. Ke2 Bxd2 23. Kxd2 Nf4 24. Qe3 Rbb8 25. d4 Ng2 26. Qe4 Qg5+ 27. Kd1 Nf4
28. Rc3 Nbd3 29. dxe5 Nxf2+ 30. Ke1 Nxe4 31. Rg3 Qxe5 32. Rd1 Qxb2 33. h3 Nxg3
34. Rb1 Rfe8+ 35. Kd1 Qxa3 36. Rc1 Qxa4+ 37. Kd2 Rb2+ 38. Kc3 Qb4+ 39. Kd4 Rd2#
0-1

[Event "Challenge"]
[Site "http://www.queenalice.com/game.php?id=552075"]
[Date "2009.3.7"]
[Round "-"]
[White "TotalFlex"]
[Black "daveslops"]
[Result "1/2-1/2"]
[WhiteElo "1155"]
[BlackElo "1190"]

1. e4 b6 2. Bc4 e6 3. Qf3 g6 4. h4 Ba6 5. d4 Bxc4 6. Nc3 Bb4 7. a3 Bxc3+ 8. Qxc3
b5 9. a4 c6 10. a5 Nf6 11. Qe3 Ng4 12. Qf4 h5 13. b3 Qf6 14. Qc7 Qxd4 15. Ra4
bxa4 16. bxc4 Nxf2 17. Ba3 f5 18. Rh2 Qe3+ 19. Ne2 Qxa3 20. Kxf2 Ke7 21. Rh3
Qc5+ 22. Re3 Na6 23. Qf4 Nb4 24. Qc7 Nxc2 25. Qg3 Nxe3 26. Qxe3 Qxe3+ 27. Kxe3
a3 28. Nc1 Rab8 29. exf5 gxf5 30. Kd4 Rb1 31. Nd3 a2 32. Kc5 a1=Q 33. g3 Qc3 34.
Nf4 Qxg3 35. a6 Qxf4 1/2-1/2

[Event "Challenge"]
[Site "http://www.queenalice.com/game.php?id=552077"]
[Date "2009.3.7"]
[Round "-"]
[White "faelgalodoido"]
[Black "TotalFlex"]
[Result "1-0"]
[WhiteElo "1511"]
[BlackElo "1260"]

1. d4 e6 2. e4 Qf6 3. e5 Qf5 4. Bd3 c5 5. Bxf5 exf5 6. dxc5 Bxc5 7. Be3 Bb4+ 8.
c3 Ba5 9. b4 Bc7 10. e6 fxe6 11. Nf3 h5 12. Bd4 a5 13. Bxg7 Rh7 14. Qd4 Kf7 15.
Ng5+ Ke7 16. Nxh7 e5 17. Qc5+ d6 18. Qxc7+ Ke6 19. Qxc8+ Kf7 20. Qf8+ Kg6 21.
Qxg8 f4 22. Bxe5+ Kf5 23. Qg5+ Ke4 24. Qxf4+ Kd5 25. Nf6+ Kc6 26. Bxd6 Na6 27.
Nxh5 Re8+ 28. Be5 Nc7 29. Qc4+ Kd7 30. Nf6+ Ke7 31. Nxe8 Nxe8 32. O-O Kd7 33.
Rd1+ Ke7 34. bxa5 Nf6 35. Bxf6+ Kxf6 36. Rd6+ Kf5 37. Qe6+ Kf4 38. Rd4+ Kg5 39.
Qg4+ Kf6 40. Rd6+ Ke7 41. Qe6+ Kf8 42. Rd8+ Kg7 43. Rd7+ Kh8 44. Qe8# 1-0

[Event "Challenge"]
[Site "http://www.queenalice.com/game.php?id=553951"]
[Date "2009.3.10"]
[Round "-"]
[White "dandahud"]
[Black "TotalFlex"]
[Result "1-0"]
[WhiteElo "1247"]
[BlackElo "1346"]

1. e4 e5 2. Bc4 Nf6 3. d3 c5 4. c3 h5 5. Nf3 d6 6. Nh4 Ng4 7. f3 Qxh4+ 8. g3 Qh3
9. Bg5 Nxh2 10. g4 Nxf3+ 11. Kf2 Qxg4 12. Bc1 Be7 13. Nd2 Qg6 14. Nxf3 O-O 15.
b4 Qf6 16. Rg1 h4 17. Qf1 a6 18. Qg2 g5 19. Bxg5 Qf4 20. Bxf4+ Kh8 21. Qg7# 1-0

[Event "Challenge"]
[Site "http://www.queenalice.com/game.php?id=564339"]
[Date "2009.3.31"]
[Round "-"]
[White "kabbal"]
[Black "TotalFlex"]
[Result "1-0"]
[WhiteElo "1356"]
[BlackElo "1195"]

1. d4 e6 2. Nf3 a5 3. e4 Bb4+ 4. c3 Bd6 5. Bd3 Nf6 6. e5 Be7 7. exf6 gxf6 8. Bf4
O-O 9. Nh4 d6 10. Qh5 f5 11. Nf3 a4 12. g4 a3 13. Nxa3 b6 14. gxf5 f6 15. Rg1+
Kh8 16. fxe6 c5 17. Qxh7# 1-0

[Event "Challenge"]
[Site "http://www.queenalice.com/game.php?id=567917"]
[Date "2009.4.7"]
[Round "-"]
[White "TotalFlex"]
[Black "marcolimasg"]
[Result "0-1"]
[WhiteElo "1227"]
[BlackElo "1134"]

1. e4 Nc6 2. Bc4 e6 3. Qf3 Ne5 4. Qc3 d6 5. Bb5+ c6 6. Ba4 b5 7. Bb3 d5 8. Qxe5
dxe4 9. Qxe4 Bc5 10. Nf3 f5 11. Qxc6+ Qd7 12. Qxa8 Qb7 13. Qxb7 Bxb7 14. d4 Bb4+
15. c3 Bd6 16. Bg5 Nf6 17. c4 bxc4 18. Ba4+ Ke7 19. Nc3 h6 20. Nb5 hxg5 21. Nxa7
g4 22. Ng5 Rxh2 23. Rg1 Rxg2 24. Rf1 Ne4 25. Nc6+ Bxc6 26. Bxc6 Bb8 27. Ke2 Ba7
28. b3 cxb3 0-1

[Event "AUTO-OPEN-1505"]
[Site "http://www.queenalice.com/game.php?id=568149"]
[Date "2009.4.7"]
[Round "1"]
[White "JMendes"]
[Black "TotalFlex"]
[Result "1-0"]
[WhiteElo "1609"]
[BlackElo "1229"]

1. d4 e6 2. e4 Qf6 3. e5 Qh4 4. Nf3 Qe4+ 5. Be2 a5 6. O-O a4 7. Re1 g6 8. Bd3
Qd5 9. c4 Qa5 10. Bd2 Qa7 11. Be3 c6 12. d5 b6 13. dxc6 Nxc6 14. Nc3 Bb4 15. Ng5
Ba6 16. Nb5 Qb8 17. Nd6+ Bxd6 18. exd6 Qxd6 19. Bxb6 h6 20. c5 Qf4 21. Ne4 h5
22. Nd6+ Ke7 23. Be4 1-0

[Event "AUTO-OPEN-1505"]
[Site "http://www.queenalice.com/game.php?id=568150"]
[Date "2009.4.7"]
[Round "1"]
[White "TotalFlex"]
[Black "JMendes"]
[Result "0-1"]
[WhiteElo "1227"]
[BlackElo "1611"]

1. e4 e5 2. Qf3 d6 3. Bc4 Qe7 4. Bb5+ c6 5. Bc4 Nf6 6. h4 Bg4 7. Qa3 d5 8. b4
dxc4 9. d3 Qxb4+ 10. Qxb4 Bxb4+ 11. c3 Bc5 12. dxc4 Nxe4 13. f3 Nf2 14. Rh2 Nd3+
15. Kd1 Bxg1 16. Rh1 Nf2+ 17. Kd2 Nxh1 18. Ba3 Be6 19. c5 O-O 20. Bb2 Bxc5 21.
a3 Na6 22. Kd3 Rad8+ 0-1

[Event "AUTO-OPEN-1505"]
[Site "http://www.queenalice.com/game.php?id=568173"]
[Date "2009.4.7"]
[Round "1"]
[White "TotalFlex"]
[Black "Matuto_do_Vale"]
[Result "0-1"]
[WhiteElo "1201"]
[BlackElo "1739"]

1. e4 c5 2. Bc4 d6 3. Qf3 Nf6 4. Ne2 Bg4 5. Qa3 a6 6. O-O b5 7. f3 Bh5 8. Nf4 b4
9. g4 Bg6 10. Qa4+ Nbd7 11. a3 a5 12. axb4 axb4 13. Qc6 Rxa1 14. d3 Rxb1 15. c3
e6 16. g5 Nh5 17. Nxg6 hxg6 18. cxb4 Nf4 19. bxc5 e5 20. Bb5 Ne2+ 21. Kf2 Nxc1
22. Qb7 Rxb2+ 23. Ke1 Nxd3+ 24. Kd1 Rb1+ 25. Kc2 Nxc5 26. Kxb1 Nxb7 27. Rc1 Nc5
28. h4 Qb6 29. Kc2 Qxb5 30. Rb1 Qd3+ 31. Kb2 Rxh4 32. Ra1 Rh2+ 33. Kc1 Qf1# 0-1

[Event "AUTO-OPEN-1505"]
[Site "http://www.queenalice.com/game.php?id=568174"]
[Date "2009.4.7"]
[Round "1"]
[White "Matuto_do_Vale"]
[Black "TotalFlex"]
[Result "1-0"]
[WhiteElo "1800"]
[BlackElo "1229"]

1. b3 e5 2. Bb2 Bb4 3. a3 Nf6 4. Bxe5 Nc6 5. Bb2 Ba5 6. b4 Bb6 7. e3 Nd5 8. Bxg7
Qg5 9. Bxh8 f6 10. Nf3 a5 11. h4 Qg4 12. Nc3 Nde7 13. Bxf6 Nf5 14. Ne5 axb4 15.
Qxg4 Nh6 16. Qh5+ Kf8 17. Qxh6+ Ke8 18. Qh5+ Kf8 19. Qf7# 1-0

[Event "Challenge"]
[Site "http://www.queenalice.com/game.php?id=577524"]
[Date "2009.4.25"]
[Round "-"]
[White "TotalFlex"]
[Black "nandobr"]
[Result "0-1"]
[WhiteElo "1201"]
[BlackElo "1416"]

1. e4 e5 2. Bc4 Qf6 3. Nf3 g5 4. b3 g4 5. Ng1 Bc5 6. Qxg4 Qxf2+ 7. Kd1 d5 8. Nh3
Qd4 9. c3 Bxg4+ 10. Ke1 Qxe4+ 11. Kf1 Qe2+ 12. Bxe2 Bxe2+ 13. Kxe2 Nf6 14. b4
Bb6 15. d4 exd4 16. Bb2 Nc6 17. Ng5 dxc3 18. Nxc3 d4 19. Nb5 Rg8 20. h4 Nxb4 21.
Rhe1 d3+ 0-1